000 01108nam0a22002771 4500
001 rc\3605996
005 20130115143406.8
035 _a(NLR Aleph) 007709680
090 _a6836691
_c6836691
100 _a20130115d1969 |||y0rusy50 ca
101 0 _arus
102 _aRU
105 _aa z |||||
200 1 _aПроизводство стеклопластиков
_e[Сборник]
_fСеверо-донец. завод стеклопластиков
210 _aДонецк
_cДонбасс
_d1969
215 _a147 с., 1 отд. л. схем.
_cил.
_d21
300 _aНа обороте тит. л.: принимали участие канд. техн. наук Б.С. Львов, Инженеры В.Г. Афанасьев, Л.З. Гильман [и др.]
333 _aДля служебного пользования. Экз. № 00008
702 1 _aАфанасьев
_bВ. Г.
_4570
702 1 _aЛьвов
_bБ. С.
_4570
702 1 _aГильман
_bЛ. З.
_4570
801 0 _aRU
_bNLR
_gpsbo
801 1 _aRU
_bELAR
_2rusmarc
852 _aNLR
_j50К/20616
942 _cBOOK
980 _aNB